书目信息 |
| 题名: |
汉英对照《金匮要略》
|
|
| 作者: | 阮继源 , 张光霁 主编 | |
| 分册: | ||
| 出版信息: | 上海 上海科学技术出版社 2003 |
|
| 页数: | 176页 | |
| 开本: | 26cm | |
| 丛书名: | ||
| 单 册: | ||
| 中图分类: | R222.3 | |
| 科图分类: | ||
| 主题词: | 英语--汉语--对照读物 , 汉语 , 英语 | |
| 电子资源: | ||
| ISBN: | 7-5323-7032-1 | |
| 000 | 01369nam0 2200373 450 | |
| 000 | 01332nam0 2200361 450 | |
| 000 | 01293nam0 2200373 450 | |
| 000 | 01239nam0 2200349 450 | |
| 000 | 01213nam0 2200337 450 | |
| 000 | 01176nam0 2200325 45 | |
| 001 | TS-022449 | |
| 005 | 20061221103309.34 | |
| 010 | @a7-5323-7032-1@dCNY25.00 | |
| 100 | @a20060829d2003 em y0chiy0110 ea | |
| 101 | 2 | @achi@aeng@cchi |
| 102 | @aCN@b310000 | |
| 105 | @ay z 000yy | |
| 200 | 1 | @a汉英对照《金匮要略》@Ahan ying dui zhao 《 jin kui yao lve 》@f阮继源,张光霁主编@Fruan ji yuan,zhang guang ji zhu bian |
| 210 | @a上海@c上海科学技术出版社@d2003 | |
| 215 | @a176页@d26cm | |
| 330 | @a本书在完全尊重《金匮要略》原文意义的基础上,运用通俗易懂的语言,采用汉英对照的方式,将《金匮要略》全文逐一译成英文。 | |
| 510 | 1 | @aChinese-English Textbook Synopsis of Prescriptions of the Golden Chamber@zeng |
| 605 | @a金匮要略方论@x汉、英 | |
| 606 | 0 | @a英语@x汉语@x对照读物 |
| 606 | 0 | @a汉语 |
| 606 | 0 | @a英语 |
| 690 | @aR222.3@v4 | |
| 701 | 0 | @a阮继源@Aruan ji yuan@4主编 |
| 701 | 0 | @a张光霁@Azhang guang ji@4主编 |
| 801 | 0 | @aCN@b中图数据@c20061221 |
| 905 | @a10447@dR222.3@e200 | |
| 汉英对照《金匮要略》/阮继源,张光霁主编.-上海:上海科学技术出版社,2003 |
| 176页;26cm |
| ISBN 7-5323-7032-1:CNY25.00 |
| 本书在完全尊重《金匮要略》原文意义的基础上,运用通俗易懂的语言,采用汉英对照的方式,将《金匮要略》全文逐一译成英文。 |
| ● |
| 相关链接 |
|
|
|
|
正题名:汉英对照《金匮要略》
索取号:R222.3/200
 
预约/预借
| 序号 | 登录号 | 条形码 | 馆藏地/架位号 | 状态 | 备注 |
| 1 | 0616522 | 206165228 | 第二样本阅览室/ [索取号:R222.3/200] | 在馆 |